Privatization and Restructuring <An> Incomplete-Contract Approach

Gespeichert in:
Bibliographische Detailangaben
1. Verfasser: Bös, Dieter
Format: Buch
Sprache:Englisch
Veröffentlicht: Washington International Monetary Fund 1996
Ausgabe:1. ed.
Schriftenreihe:IMF Working Paper 101
Schlagworte:
Tags: Tag hinzufügen
Keine Tags, Fügen Sie das erste Tag hinzu!

MARC

LEADER 00000nam a2200000 4500
001 c017493
005 20221205125544.6
041 0 |a eng 
044 |a US 
245 1 0 |a Privatization and Restructuring  |b <An> Incomplete-Contract Approach  |c Dieter Bös 
250 |a 1. ed. 
264 1 |a Washington  |b International Monetary Fund  |c 1996 
300 |a 15 s. 
490 1 |a IMF Working Paper  |v 101 
830 0 |a IMF Working Paper  |v 101 
610 2 0 |a privatizácia 
610 2 0 |a reštrukturalizácia 
610 2 0 |a zmluvy 
610 2 0 |a integrácia 
610 2 0 |a integrácia ekonomická 
610 2 0 |a rozhodovanie 
610 2 0 |a modely ekonomické 
610 2 0 |a Nemecko 
100 1 |a Bös, Dieter